Statistics for US States by Second Letter - E

Click here to take the quiz!

General Stats

  • This quiz has been taken 172 times
  • The average score is 12 of 14

Answer Stats

State% Correct
New York
93%
New Jersey
89%
New Mexico
89%
New Hampshire
86%
Texas
85%
Nevada
82%
Tennessee
81%
Georgia
80%
Pennsylvania
80%
Delaware
79%
Kentucky
78%
Nebraska
77%
West Virginia
77%
Vermont
74%

Score Distribution

Percentile by Number Answered

Percent of People with Each Score

Your Score History

You have not taken this quiz